[Event "Palladienne Ladies-Veterans"]
[Site "Monte Carlo MNC"]
[Date "1994.06.??"]
[Round "2"]
[White "Ivkov, Borislav"]
[Black "Ioseliani, Nana"]
[Result "1/2-1/2"]
[WhiteElo "2470"]
[BlackElo "2435"]
[EventDate "1994.06.??"]
[PlyCount "50"]

1.Nf3 Nf6 2.c4 e6 3.b3 Be7 4.Bb2 O-O 5.e3 b6 6.Be2 Bb7 7.O-O c5 8.d4 cxd4 
9.Nxd4 a6 10.Nc3 Nc6 11.Bf3 Ra7 12.Nxc6 Bxc6 13.Bxc6 dxc6 14.Qf3 Qc7 15.
Rfd1 Raa8 16.Ne4 Nxe4 17.Qxe4 Rfd8 18.Be5 Rxd1+ 19.Rxd1 Rd8 20.Rd4 Qc8 21.
Qd3 Rxd4 22.Qxd4 f6 23.Bg3 Qd8 24.Qxd8+ Bxd8 25.e4 Kf7 1/2-1/2

[Event "Palladienne Ladies-Veterans"]
[Site "Monte Carlo MNC"]
[Date "1994.06.??"]
[Round "3"]
[White "Arakhamia, Ketevan"]
[Black "Ivkov, Borislav"]
[Result "1/2-1/2"]
[WhiteElo "2450"]
[BlackElo "2470"]
[EventDate "1994.06.??"]
[PlyCount "83"]

1.e4 e5 2.Nf3 Nc6 3.Bb5 a6 4.Ba4 Nf6 5.O-O Be7 6.Re1 d6 7.c3 Bd7 8.d4 O-O 
9.d5 Nb8 10.Bxd7 Nbxd7 11.c4 Kh8 12.Nc3 Ng8 13.Rb1 g6 14.b4 b6 15.Na4 Qe8 
16.Bd2 f5 17.exf5 gxf5 18.Bg5 Qg6 19.Bxe7 Nxe7 20.Nc3 Rf7 21.Qe2 Rg8 22.g3
Qf6 23.Rbd1 Qh6 24.Kh1 Nf6 25.Nd2 f4 26.gxf4 Qxf4 27.Nce4 Nxe4 28.Nxe4 Nf5
29.Rg1 Rfg7 30.Rxg7 Rxg7 31.Rg1 Rxg1+ 32.Kxg1 Nd4 33.Qe3 Qxe3 34.fxe3 Nc2 
35.c5 bxc5 36.bxc5 Nxe3 37.cxd6 cxd6 38.Nxd6 Nxd5 39.Nf7+ Kg7 40.Nxe5 Nb4 
41.a3 Nc2 42.a4 1/2-1/2

[Event "Palladienne Ladies-Veterans"]
[Site "Monte Carlo MNC"]
[Date "1994.06.??"]
[Round "5"]
[White "Ioseliani, Nana"]
[Black "Larsen, Bent"]
[Result "1-0"]
[WhiteElo "2435"]
[BlackElo "2535"]
[EventDate "1994.06.??"]
[PlyCount "79"]

1.Nf3 e6 2.d4 c5 3.e3 Nf6 4.b3 b6 5.Bd3 Be7 6.O-O Bb7 7.Bb2 Na6 8.a3 Nc7 
9.c4 O-O 10.Nbd2 d5 11.Qc2 g6 12.dxc5 bxc5 13.Rac1 Nh5 14.Rfd1 a5 15.Ne5 
Ng7 16.Be2 Qe8 17.Nd3 dxc4 18.Nxc4 Nd5 19.e4 Nc7 20.Nde5 f6 21.Nd7 Rf7 22.
Ncb6 Rd8 23.f3 Nh5 24.Nxc5 Bxc5+ 25.Qxc5 Nf4 26.Bc4 Ba6 27.Qe3 g5 28.g3 
Ng6 29.Bxa6 Rxd1+ 30.Rxd1 Nxa6 31.Nc4 Rd7 32.Rxd7 Qxd7 33.Bxf6 a4 34.b4 
Qd1+ 35.Kg2 Nc7 36.Qd2 Qxd2+ 37.Nxd2 Nb5 38.Nc4 h6 39.Bb2 Kf8 40.Nb6 1-0

[Event "Palladienne Ladies-Veterans"]
[Site "Monte Carlo MNC"]
[Date "1994.06.??"]
[Round "5"]
[White "Xie Jun"]
[Black "Smyslov, Vassily"]
[Result "1/2-1/2"]
[WhiteElo "2515"]
[BlackElo "2510"]
[EventDate "1994.06.??"]
[PlyCount "83"]

1.e4 e5 2.Nf3 Nc6 3.Bb5 a6 4.Ba4 Nf6 5.O-O Be7 6.d3 d6 7.c3 O-O 8.Nbd2 Nd7
9.Re1 Nb6 10.Bb3 Kh8 11.h3 f5 12.exf5 Bxf5 13.Ne4 h6 14.Ng3 Bg6 15.Be3 Qd7
16.Bxb6 cxb6 17.d4 Qc7 18.Bd5 Bf6 19.Rc1 Rae8 20.Be4 Bxe4 21.Nxe4 Be7 22.
d5 Nb8 23.Nxe5 dxe5 24.d6 Qc6 25.dxe7 Rxe7 26.Qd6 Qxd6 27.Nxd6 Nc6 28.Rcd1
Kg8 29.Ne4 Rd8 30.Rxd8+ Nxd8 31.Rd1 Nf7 32.Kf1 Kf8 33.Ke2 Rc7 34.Nd6 Ng5 
35.Rd5 Ke7 36.h4 Ne6 37.g3 Nf8 38.Ne4 Nd7 39.Ke3 Rc6 40.f3 Ke6 41.Rd2 b5 
42.Kd3 1/2-1/2

[Event "Palladienne Ladies-Veterans"]
[Site "Monte Carlo MNC"]
[Date "1994.06.??"]
[Round "6"]
[White "Hort, Vlastimil"]
[Black "Xie Jun"]
[Result "1/2-1/2"]
[WhiteElo "2555"]
[BlackElo "2515"]
[EventDate "1994.06.??"]
[PlyCount "65"]

1.e4 e5 2.Nf3 Nc6 3.Bb5 a6 4.Ba4 Nf6 5.O-O Be7 6.Bxc6 dxc6 7.d3 Nd7 8.Nbd2
O-O 9.Nc4 f6 10.Nh4 Nc5 11.Nf5 Bxf5 12.exf5 Qd7 13.Qf3 Rfe8 14.Re1 Bf8 15.
Nd2 Rad8 16.Ne4 Qf7 17.Be3 Nxe4 18.Qxe4 Qd5 19.Kf1 Rd7 20.a4 Red8 21.g4 
Qxe4 22.dxe4 Bb4 23.c3 Ba5 24.Ra3 Bb6 25.a5 Bxe3 26.Rxe3 Kf7 27.Rb3 Rb8 
28.h4 h6 29.c4 Rd4 30.c5 Ra4 31.Ra3 Rb4 32.Rab3 Ra4 33.Ra3 1/2-1/2

[Event "Palladienne Ladies-Veterans"]
[Site "Monte Carlo MNC"]
[Date "1994.06.??"]
[Round "7"]
[White "Xie Jun"]
[Black "Spassky, Boris"]
[Result "1/2-1/2"]
[WhiteElo "2515"]
[BlackElo "2560"]
[EventDate "1994.06.??"]
[PlyCount "32"]

1.e4 c5 2.Nf3 Nc6 3.d4 cxd4 4.Nxd4 Nf6 5.Nc3 d6 6.Be2 g6 7.Nb3 Bg7 8.O-O 
O-O 9.Bg5 a6 10.f4 b5 11.Bf3 Bd7 12.Kh1 Rc8 13.Re1 h6 14.Bh4 Nh7 15.Rb1 g5
16.Bf2 Bxc3 1/2-1/2

[Event "Palladienne Ladies-Veterans"]
[Site "Monte Carlo MNC"]
[Date "1994.06.??"]
[Round "8"]
[White "Portisch, Lajos"]
[Black "Xie Jun"]
[Result "1/2-1/2"]
[WhiteElo "2610"]
[BlackElo "2515"]
[EventDate "1994.06.??"]
[PlyCount "81"]

1.d4 Nf6 2.c4 g6 3.Nf3 Bg7 4.g3 O-O 5.Bg2 d5 6.O-O dxc4 7.Na3 c3 8.bxc3 c5
9.e3 Nc6 10.Qe2 Qa5 11.Bb2 Bg4 12.h3 Bxf3 13.Bxf3 Nd7 14.Rfd1 Rac8 15.Nc4 
Qa6 16.Qf1 Qa4 17.Rdc1 b5 18.Nd2 b4 19.Bd1 Qa5 20.Nb3 Qb6 21.Rab1 bxc3 22.
Bxc3 cxd4 23.Nxd4 Qd8 24.Nxc6 Rxc6 25.Bb4 Ne5 26.Be2 Qc7 27.Rxc6 Nxc6 28.
Qc1 Be5 29.Be1 Bd6 30.Qc3 Be5 31.Qc4 Rc8 32.Qe4 Nd8 33.Rd1 Bd6 34.a4 Ne6 
35.h4 Qc2 36.Qxc2 Rxc2 37.Bd3 Ra2 38.Bb5 Nc5 39.a5 Nb7 40.a6 Nc5 41.Bc4 
1/2-1/2

[Event "Palladienne Ladies-Veterans"]
[Site "Monte Carlo MNC"]
[Date "1994.06.??"]
[Round "9"]
[White "Ioseliani, Nana"]
[Black "Hort, Vlastimil"]
[Result "0-1"]
[WhiteElo "2435"]
[BlackElo "2555"]
[EventDate "1994.06.??"]
[PlyCount "78"]

1.e4 e5 2.Nf3 Nc6 3.Bb5 a6 4.Ba4 Nf6 5.O-O b5 6.Bb3 Nxe4 7.d4 d5 8.dxe5 
Be6 9.Nbd2 Nc5 10.c3 Be7 11.Bc2 Bg4 12.h3 Bh5 13.g4 Bg6 14.Nb3 Qd7 15.Nbd4
Bxc2 16.Qxc2 Nxd4 17.Nxd4 h5 18.f3 Ne6 19.Kg2 c5 20.Nxe6 Qxe6 21.Bf4 Rd8 
22.Rfd1 Rd7 23.a4 O-O 24.axb5 axb5 25.Ra5 Rb8 26.Qe2 c4 27.gxh5 b4 28.Kh2 
Bd8 29.Ra2 Bc7 30.h6 g6 31.Re1 d4 32.cxb4 Rxb4 33.Ra8+ Kh7 34.Bg5 d3 35.
Qd2 Bxe5+ 36.f4 Rxb2 37.fxe5 Rxd2+ 38.Bxd2 c3 39.Bg5 d2 0-1

[Event "Palladienne Ladies-Veterans"]
[Site "Monte Carlo MNC"]
[Date "1994.06.??"]
[Round "10"]
[White "Larsen, Bent"]
[Black "Ioseliani, Nana"]
[Result "0-1"]
[WhiteElo "2535"]
[BlackElo "2435"]
[EventDate "1994.06.??"]
[PlyCount "77"]

1.e4 c5 2.Nf3 Nc6 3.Bb5 e6 4.Bxc6 bxc6 5.O-O d5 6.Re1 Nf6 7.Nc3 Be7 8.d3 
O-O 9.Bg5 Rb8 10.b3 Ba6 11.Na4 Bb5 12.Nb2 c4 13.dxc4 dxc4 14.e5 Nd7 15.
Bxe7 Qxe7 16.Qd4 Nb6 17.bxc4 Ba6 18.Re3 c5 19.Qc3 Rfd8 20.h3 Bb7 21.Rae1 
h6 22.a4 Qc7 23.a5 Nc8 24.Rd3 Ne7 25.Nd2 Nf5 26.Rxd8+ Rxd8 27.Nd3 Qe7 28.
Ne4 Rc8 29.f3 Ba8 30.Ndf2 Nd4 31.Nd6 Rb8 32.Nd3 Qh4 33.Kf1 Qg3 34.Nf2 Qf4 
35.Nde4 Rc8 36.Nd6 Rb8 37.Nde4 Qxe5 38.Nd3 Qh2 39.Ndxc5 0-1

[Event "Palladienne Ladies-Veterans"]
[Site "Monte Carlo MNC"]
[Date "1994.06.??"]
[Round "11"]
[White "Ioseliani, Nana"]
[Black "Spassky, Boris"]
[Result "1/2-1/2"]
[WhiteElo "2435"]
[BlackElo "2560"]
[EventDate "1994.06.??"]
[PlyCount "57"]

1.d4 d5 2.c4 e6 3.Nc3 c5 4.cxd5 exd5 5.Nf3 Nc6 6.g3 Nf6 7.Bg2 Be7 8.O-O 
O-O 9.dxc5 Bxc5 10.Bg5 d4 11.Bxf6 Qxf6 12.Nd5 Qd8 13.Nd2 a6 14.Rc1 Ba7 15.
Ne4 Re8 16.Nc5 Re5 17.e4 dxe3 18.fxe3 Be6 19.Nxb7 Qxd5 20.Rxc6 Bxe3+ 21.
Kh1 Qxa2 22.Rd6 Re8 23.Rd8 Bc8 24.Rxe8+ Rxe8 25.Bd5 Bxb7 26.Bxb7 Kh8 27.
Qd7 Qe6 28.Rxf7 Qxd7 29.Rxd7 1/2-1/2

[Event "Palladienne Ladies-Veterans"]
[Site "Monte Carlo MNC"]
[Date "1994.06.??"]
[Round "11"]
[White "Polgar, Zsuzsa"]
[Black "Ivkov, Borislav"]
[Result "1/2-1/2"]
[WhiteElo "2550"]
[BlackElo "2470"]
[EventDate "1994.06.??"]
[PlyCount "48"]

1.d4 e6 2.c4 Bb4+ 3.Bd2 Qe7 4.g3 Nf6 5.Nf3 O-O 6.Bg2 Bxd2+ 7.Qxd2 d6 8.Nc3
e5 9.O-O Re8 10.e4 Bg4 11.Nh4 Nc6 12.d5 Nd4 13.Nb5 Nxb5 14.cxb5 Bd7 15.a4 
g6 16.Rfc1 Rec8 17.Ra3 c6 18.bxc6 bxc6 19.dxc6 Rxc6 20.Rxc6 Bxc6 21.a5 Rb8
22.Re3 Kg7 23.b4 h6 24.Re2 Qe6 1/2-1/2

[Event "Palladienne Ladies-Veterans"]
[Site "Monte Carlo MNC"]
[Date "1994.06.??"]
[Round "11"]
[White "Arakhamia, Ketevan"]
[Black "Larsen, Bent"]
[Result "0-1"]
[WhiteElo "2450"]
[BlackElo "2535"]
[EventDate "1994.06.??"]
[PlyCount "104"]

1.e4 d6 2.d4 Nf6 3.Nc3 g6 4.f4 Bg7 5.Nf3 O-O 6.Bd3 Bg4 7.Be3 Nc6 8.h3 Bxf3
9.Qxf3 e5 10.fxe5 dxe5 11.d5 Nd4 12.Qf2 c6 13.dxc6 bxc6 14.O-O Nh5 15.Ne2 
Rb8 16.b3 Rb7 17.Rad1 Rd7 18.Rc1 Bf6 19.Bh6 Bg5 20.Bxf8 Bxc1 21.Nxc1 Qxf8 
22.Bc4 Qe7 23.Kh2 Nf4 24.Nd3 Nxd3 25.Bxd3 Kg7 26.Bc4 h5 27.Rd1 Rd6 28.c3 
Nf5 29.Rf1 Nh6 30.Qc5 f5 31.exf5 gxf5 32.Qe3 h4 33.Re1 e4 34.Qf4 Qd8 35.
Re2 Rd1 36.g3 hxg3+ 37.Qxg3+ Kh7 38.Rg2 Qd6 39.Qxd6 Rxd6 40.Re2 Kg6 41.Kg3
Kg5 42.Kf2 Kf4 43.b4 Ke5 44.Rb2 f4 45.b5 f3 46.bxc6 Rxc6 47.Rb4 Nf5 48.Ra4
Rg6 49.Bf1 Kf4 50.h4 Ne3 51.Rxa7 Ng4+ 52.Ke1 Rb6 0-1

[Event "Palladienne Ladies-Veterans"]
[Site "Monte Carlo MNC"]
[Date "1994.06.??"]
[Round "12"]
[White "Spassky, Boris"]
[Black "Arakhamia, Ketevan"]
[Result "1/2-1/2"]
[WhiteElo "2560"]
[BlackElo "2450"]
[EventDate "1994.06.??"]
[PlyCount "49"]

1.d4 d5 2.c4 c6 3.Nf3 Nf6 4.Nc3 e6 5.Bg5 h6 6.Bxf6 Qxf6 7.e3 Nd7 8.Bd3 Qd8
9.O-O Bd6 10.e4 dxe4 11.Nxe4 Bc7 12.Re1 O-O 13.Nc3 c5 14.dxc5 Nxc5 15.Bc2 
Qxd1 16.Raxd1 a5 17.Nd4 Bb6 18.Na4 Nxa4 19.Bxa4 Rd8 20.Nb3 Kf8 21.c5 Bc7 
22.Nd4 Rd5 23.Nb3 Rxd1 24.Rxd1 b6 25.Rc1 1/2-1/2